Oliver Goldsmith and Richard Brinsley Sheridan / (Record no. 13204)

000 -LEADER
fixed length control field 00933cam a2200289 i 4500
001 - CONTROL NUMBER
control field 3192784
003 - CONTROL NUMBER IDENTIFIER
control field OSt
005 - DATE AND TIME OF LATEST TRANSACTION
control field 20160810094040.0
008 - FIXED-LENGTH DATA ELEMENTS--GENERAL INFORMATION
fixed length control field 771025s1978 nyua b 001 0 eng
010 ## - LIBRARY OF CONGRESS CONTROL NUMBER
LC control number 77006946
020 ## - INTERNATIONAL STANDARD BOOK NUMBER
International Standard Book Number 0804421293 :
Terms of availability $9.50
040 ## - CATALOGING SOURCE
Original cataloging agency DLC
Transcribing agency DLC
Modifying agency DLC
050 00 - LIBRARY OF CONGRESS CALL NUMBER
Classification number PR3494
Item number .D3
082 00 - DEWEY DECIMAL CLASSIFICATION NUMBER
Classification number 822/.6/08
100 1# - MAIN ENTRY--PERSONAL NAME
Personal name Danziger, Marlies K.
245 00 - TITLE STATEMENT
Title Oliver Goldsmith and Richard Brinsley Sheridan /
Statement of responsibility, etc. Marlies K. Danziger.
260 ## - PUBLICATION, DISTRIBUTION, ETC. (IMPRINT)
Place of publication, distribution, etc. New York :
Name of publisher, distributor, etc. F. Ungar,
Date of publication, distribution, etc. c1978.
300 ## - PHYSICAL DESCRIPTION
Extent v, 184 p.
Other physical details ill. ;
Dimensions 20 cm.
490 0# - SERIES STATEMENT
Series statement World dramatists
500 ## - GENERAL NOTE
General note Includes index.
504 ## - BIBLIOGRAPHY, ETC. NOTE
Bibliography, etc Bibliography: p. 171-174.
600 10 - SUBJECT ADDED ENTRY--PERSONAL NAME
Personal name Goldsmith, Oliver,
Dates associated with a name 1730?-1774
General subdivision Comedies.
600 10 - SUBJECT ADDED ENTRY--PERSONAL NAME
Personal name Sheridan, Richard Brinsley,
Dates associated with a name 1751-1816
General subdivision Criticism and interpretation.
650 #0 - SUBJECT ADDED ENTRY--TOPICAL TERM
Topical term or geographic name as entry element English drama (Comedy)
General subdivision History and criticism.
906 ## - LOCAL DATA ELEMENT F, LDF (RLIN)
a 7
b cbc
c orignew
d 1
e ocip
f 19
g y-gencatlg
942 ## - ADDED ENTRY ELEMENTS (KOHA)
Source of classification or shelving scheme
Koha item type Hard Covered Materials
Holdings
Withdrawn status Lost status Source of classification or shelving scheme Damaged status Not for loan Home library Current library Shelving location Date acquired Source of acquisition Total Checkouts Full call number Barcode Date last seen Price effective from Koha item type
          MACHAKOS UNIVERSITY LIBRARY MACHAKOS UNIVERSITY LIBRARY Open shelf 10/08/2016 Donation(BFA)   PR 3494.D3 1978 24765 04/06/2019 10/08/2016 Hard Covered Materials
© Machakos University Library, Along The Highway, Machakos Wote Rd, Machakos, Kenya P.O. Box 136 - 90100 Machakos - Kenya

Tel: ( +254 ) 723 805829 OR Fax : 044-20353 OR Email: library@mksu.ac.ke